00585nam a2200193Ia 4500008004100000020000700041082001600048100001800064245003800082250000700120260004600127300001800173500001900191600001500210650001500225942000700240952012900247999001500376240925s9999 xx 000 0 und d aNA a658.408 SIM aKamal, Semies 0aProject ka intezam ke amle ketab  aNA aPakistan:bShameem printing pressc,1991. a122p.bNAfNA aIncludes Index aManagement aManagement cBK 011440708MANaUITUbUITUd1999-03-15ePrince Book Depog30.00l0o658.408 SIMpQ1986r2024-09-25 07:12:37w2024-09-25yBK c4485d4485